Kultúrne prostredie Európskej únie

Rozdiely národných kultúr krajín Európskej únie. Rozdiely národných kultúr, tendencie v správaní príslušníkov každej krajiny sa nazývajú kultúrne dimenzie. Použitie Hofstedeho kultúrnych dimenzií.

Guardado en:
Detalles Bibliográficos
Autor principal: Matušovičová, Monika, 1967-
Formato: Capítulo de libro
Lenguaje:eslovaco
Materias:
Etiquetas: Agregar Etiqueta
Sin Etiquetas, Sea el primero en etiquetar este registro!

MARC

LEADER 00000naa$a2200000$$$4500
001 0045782
005 20240502071529.9
041 0 |a slo 
044 |a SK 
245 1 0 |a Kultúrne prostredie Európskej únie  |c Monika Matušovičová 
520 |a Rozdiely národných kultúr krajín Európskej únie. Rozdiely národných kultúr, tendencie v správaní príslušníkov každej krajiny sa nazývajú kultúrne dimenzie. Použitie Hofstedeho kultúrnych dimenzií. 
610 2 0 |a kultúra 
610 2 0 |a Európska únia 
610 2 0 |a národ 
610 2 0 |a história 
610 2 0 |a marketing 
100 1 |a Matušovičová, Monika, 1967-